000 00849nam a2200241Ia 4500
003 GCL
008 140319s9999 xx 000 0 ara d
020 _a018358977
040 _aGCL /
_cGCL
082 0 4 _a338.6048
_bك م
100 1 _aكالورى، رولاند
245 1 0 _aالمنافسة العالمية وديناميت قوى التفاعل من الممارسة الى النظرية /
_cكالورى، رولاند
260 _aالقاهرة :
_bدار الفجر للنشر والتوزيع ،
_c2003
300 _a314 ص ؛
_c24 سم
650 0 4 _aادارة الاعمال
650 0 4 _aالعرض والطلب
650 0 4 _aالتصنيع
650 0 4 _aالصناعة
650 0 4 _aالمنافسة
650 0 4 _aالاستراتيجية التنافسية
650 0 4 _aالوضع التنافسى
942 _2ddc
_cBK
999 _c6107
_d6107